| 000 | 00473cam a22001097a 4500 | ||
|---|---|---|---|
| 008 | 180718b-- xxu||||| |||| 00| 0 eng d | ||
| 082 | _aK5000x54 In2 | ||
| 245 |
_aNational training policy _cby Department of Personnel and Training, Ministry of Personnel, Public Grievances and Pensions |
||
| 260 |
_aDelhi _bDepartment of Personnel and Training, Ministry of Personnel, Public Grievances and Pensions _c-- |
||
| 500 | _aLibrary has 1996 | ||
| 650 | _aEmployees - Training of - India | ||
| 999 |
_c485000 _d485000 |
||